Non Bordering Countries Closest to Germany A-Z - Statistics

General Stats
  • This quiz has been taken 251 times
    226 since last reset
  • The average score is 19 of 24
Answer Stats
Letter Distance (km) Answer % Correct
U 393 United Kingdom
91%
F 918 Finland
90%
L 76 Liechtenstein
90%
E 859 Estonia
88%
H 302 Hungary
88%
S 216 Sweden
88%
I 123 Italy
87%
O 4874 Oman
87%
A 766 Andorra
86%
Q 4399 Qatar
86%
Y 4648 Yemen
85%
N 420 Norway
84%
R 427 Russia
84%
V 697 Vatican City
84%
C 324 Croatia
83%
Z 6821 Zambia
82%
B 399 Bosnia and Herzegovina
77%
J 2641 Jordan
77%
G 1039 Greece
74%
P 1428 Portugal
74%
K 1178 Kosovo
73%
D 4841 Djibouti
64%
M 726 Montenegro
64%
T 1228 Tunisia
57%
No matching quizzes found
Score Distribution
Percent of People with Each Score
Percentile by Number Answered
Your Score History
You have not taken this quiz since the last reset